|
|
|
|
| LEADER |
00000nab a2200000 a 4500 |
| 001 |
vtls000716982 |
| 003 |
SK-MaSNL |
| 005 |
20260305032816.0 |
| 008 |
140303c2000 xo 0 slo |
| 015 |
|
|
|a SNBRB2000/03-08095
|
| 035 |
|
|
|a CLN000069149
|
| 040 |
|
|
|a SNKBUCL
|b slo
|c SNKBUCL
|e AACR2
|
| 041 |
0 |
|
|a slo
|
| 044 |
|
|
|a xo
|c SK
|
| 080 |
|
|
|a 617.7-007.681:061.3
|2 1997
|
| 100 |
1 |
|
|a Máliš, Vladimír,
|d 1952-
|4 aut
|9 11366
|
| 245 |
1 |
0 |
|a Druhé martinské dni glaukómu venované novým trendom
|b kedy na Slovensku nahradí moderná terapia liečbu glaukómu pilokarpínom?
|c Vladimír Máliš
|
| 611 |
1 |
7 |
|a Martinské dni glaukómu
|n 2.
|d 1999
|c Martin, Slovensko
|2 snkbucl
|9 1612548
|
| 648 |
|
7 |
|a 1999
|2 SNK
|9 266597
|
| 650 |
0 |
7 |
|a glaukóm
|2 SNKPH
|9 2376
|
| 650 |
0 |
7 |
|a odborné podujatia
|2 SNK
|9 839632
|
| 651 |
|
7 |
|a Martin (Slovensko : okres)
|2 SNKPHgeo
|9 73088
|
| 655 |
|
7 |
|a články z novín a časopisov
|2 SNK
|9 267496
|
| 773 |
0 |
|
|t Zdravotnícke noviny
|g Roč. 5, č. 5 (2000), s. 6
|x 1335-4477
|
| 850 |
|
|
|a Slovenská národná knižnica v Martine
|
| 852 |
|
|
|a SNK
|b KIS3GCP
|
| 958 |
|
|
|a SK
|
| 992 |
|
|
|a RBX
|
| 999 |
|
|
|c 3321713
|d 3323643
|